| 000 | 00619nam a2200193 i 4500 | ||
|---|---|---|---|
| 001 | 73354 | ||
| 003 | ES-MaACL | ||
| 007 | t| | ||
| 008 | 041001m19551957sp ||||1| spa d | ||
| 100 | 1 |
_aLudwig, Emil. _974618 |
|
| 245 | 1 | 0 |
_aObras completas / _cEmil Ludwig. |
| 260 |
_aBarcelona : _bJuventud, _c[1955-1957] ( _fAntonio J. Rovira) |
||
| 300 |
_a5 v. ; _c18 cm. |
||
| 490 | 1 | _aClásicos y modernos. Creación y crítica literaria | |
| 505 | 8 | _aContiene: volúmenes II-V | |
| 830 | 0 |
_aClásicos y modernos. Creación y crítica literaria _9184533 |
|
| 852 |
_aES-MaACL _jE-3717-21 _bR.38584 |
||
| 999 |
_c73354 _d73354 |
||